000
00281nam a22001337a 4500
041
_a
English
082
_a
291.42 STA
100
_a
Staal, Frits
245
_a
Exploring Mysticism
260
_a
England
_b
Penguin Books
_c
1975
300
_a
224
650
_a
Mysticism
942
_c
BK
999
_c
21018
_d
21018